đź“–150 premiers mots "OĂą es-tu ?" Marc Levy - Statistiques

Statistiques générales
  • Ce quiz a Ă©tĂ© pris 14 fois
  • Le rĂ©sultat moyen est 69 sur 150
Statistiques - réponses
Mots % Correct
15°30'
100%
65°
100%
734è
100%
l'
100%
le
100%
Ă 
92%
d'
92%
de
92%
la
92%
n'
92%
s'
92%
est
85%
Il
85%
il
85%
et
77%
par
77%
se
77%
ce
69%
des
69%
latitude
69%
Les
69%
les
69%
longitude
69%
né
69%
ne
69%
nord
69%
ouest,
69%
que
69%
qui
69%
sa
69%
du
62%
en
62%
Mais
62%
on
62%
On
62%
14
54%
16
54%
1974
54%
matin
54%
septembre
54%
Ses
54%
ses
54%
14
46%
8
46%
au
46%
dans
46%
Dans
46%
heures
46%
pas
46%
son
46%
sur
46%
une
46%
vie,
38%
avait
31%
deux
31%
île
31%
six
31%
cette
23%
grande
23%
jours
23%
petite
23%
premiers
23%
tous
23%
toutes
23%
berceau
15%
cĂ´tes
15%
étaient
15%
honduriennes.
15%
Personne
15%
large
8%
mĂŞme
8%
naissance,
8%
situait
8%
soirée,
8%
analyses
0%
attention
0%
attirèrent
0%
constantes
0%
cours
0%
croissance
0%
développa
0%
équipe
0%
évolution.
0%
façon
0%
genre ;
0%
guadeloupéens.
0%
indifférence.
0%
inscrite
0%
interrogea
0%
justifiaient
0%
nés
0%
norme.
0%
nouveaux-
0%
paraissait
0%
paramètres
0%
particulière
0%
penche
0%
prêté
0%
procédure
0%
registre.
0%
relevées
0%
responsable ...
0%
résultats
0%
scientifiques
0%
selon
0%
sortir
0%
stables
0%
subit
0%
traitement
0%
usage.
0%
vitaux
0%
Aucun quiz correspondant
Distribution des résultats
% des personnes avec chaque résultat
Percentile par nombre de réponses
Votre historique - résultats
Vous n’avez pas pris ce quiz